| 000 | 00655nam a22002537a 4500 | ||
|---|---|---|---|
| 001 | BR2020000859 | ||
| 003 | BR-BrBNA | ||
| 005 | 20230928105603.0 | ||
| 007 | ta | ||
| 008 | 230509b bl.||||| |||| 00| 0 por d | ||
| 040 |
_aBR-BrBNA _bpor _cBiblioteca Nacional de Agricultura |
||
| 041 | _a(Por) | ||
| 072 |
_aK10 _b2430 |
||
| 090 | _ 2430 BR2020000859 OBR | ||
| 100 | 1 | _aMendes, J.A. | |
| 245 | 1 | _aExtracção e futuro da borracha do Valle do Amazonas | |
| 260 | 3 |
_aBelém,PA (Brasil): _c1910. |
|
| 300 | _a230 p. | ||
| 500 | _aOBRA RARA | ||
| 650 | _aBORRACHA | ||
| 650 | _aEXTRAÇÃO | ||
| 909 |
_a202309 _bLucia _c55 _dLucia Elande |
||
| 942 | _cBK | ||
| 999 |
_c85767 _d85767 |
||